औरंगजेब (Record no. 442266)

MARC details
000 -LEADER
fixed length control field 00470nam a2200157Ia 4500
008 - FIXED-LENGTH DATA ELEMENTS--GENERAL INFORMATION
fixed length control field 100122s9999 xx 000 0 und d
082 ## - DEWEY DECIMAL CLASSIFICATION NUMBER
Item number 71822
Classification number 923.154
100 ## - MAIN ENTRY--PERSONAL NAME
Personal name सरकार जदुनाथ
245 ## - TITLE STATEMENT
Title औरंगजेब
260 ## - PUBLICATION, DISTRIBUTION, ETC. (IMPRINT)
Name of publisher, distributor, etc डायमंड पब्लिकेशन्स
Date of publication, distribution, etc 2006
300 ## - PHYSICAL DESCRIPTION
Extent 536
630 ## - SUBJECT ADDED ENTRY--UNIFORM TITLE
Uniform title औरंगजेब
700 ## - ADDED ENTRY--PERSONAL NAME
Personal name कोलारकर शरद
730 ## - ADDED ENTRY--UNIFORM TITLE
Uniform title औरंगजेब
942 ## - ADDED ENTRY ELEMENTS (KOHA)
Koha item type Book
Holdings
Withdrawn status Lost status Damaged status Not for loan Home library Current library Date acquired Cost, normal purchase price Total Checkouts Full call number Barcode Date last seen Cost, replacement price Price effective from Koha item type Public note
        S.V. Pathak Library, Vile Parle S.V. Pathak Library, Vile Parle 06/17/2007 450.00   71822 SVPPARLE-71822 01/25/2010 450.00 01/25/2010 Book Translated NA